000 01418nam0a2200349 4500
001 RU\NLR\BIBL_A\010516341
005 20250614062459.0
010 _a978-5-906730-16-9
021 _aRU
_b2016-25236
_91611
021 _aRU
_b2014-62761
_93817
035 _a(NLR Aleph) 010516341
090 _a10196899
_c10196899
100 _a20141029d2014 |||y0rusy50 ca
101 1 _arus
_aeng
102 _aRU
105 _aag j 000yy
200 1 _aTom and Keri
_eазбука
_e[пособие для изучения английского языка детьми 3-6 лет]
_fКлэр Селби
210 _aМосква
_cБилингва
_d2014
215 _a58, [4] с.
_cцв. ил., ноты
_d15x21
_e1 электрон. опт. диск (DVD-ROM)
225 1 _aLove to learn English
300 _aВ макете загл.: Том и Кери
311 _aПрил. к мультсериалу "Том и Кери"
422 0 _12001#$aТом и Кери$eмультсериал
_tТом и Кери
517 1 _aТом и Кери
606 1 _aАнглийский язык
_jБуквари
_9972309
_3RU\NLR\AUTH\6646032
686 3 _aШ143.21-93рус1б
700 1 _aСелби
_bК.
_gКлэр
942 _cBOOK
980 _aNBR
980 _aNB